Statistics for Top 10 Portuguese PL scorers

Click here to take the quiz!

General Stats

  • This quiz has been taken 17 times
  • The average score is 4 of 10

Answer Stats

HintAnswer% Correct
26Nani
100%
84Ronaldo
93%
7Carvalho
57%
5Deco
50%
7Fonte
29%
29Boa Morte
21%
7Meireles
21%
4Tiago
21%
8Vaz Te
7%
6Mendes
0%

Score Distribution

Percentile by Number Answered

Percent of People with Each Score

Your Score History

You have not taken this quiz